| 000 | 00847nam a2200265M 4500 | ||
|---|---|---|---|
| 005 | 20170608110304.0 | ||
| 008 | 160809s1996 ck gr 000 0 spa d | ||
| 020 | _a9589480012 | ||
| 020 | _a9789589480014 | ||
| 035 | _a(OCoLC)945033345 | ||
| 040 |
_aCO-BoUCM _bspa _cSandra Palacio _dSandra Palacio |
||
| 100 | 1 |
_aGuattari, Felix _9663 |
|
| 245 | 1 | 4 |
_aLas tres ecologías _cFelix Guattari |
| 260 |
_aBogotá (Colombia) _bGerardo Rivas Moreno _c1996 |
||
| 300 | _a73 páginas | ||
| 490 | 0 | _aCuadernillos para el tercer milenio | |
| 650 | 7 |
_aEcología humana _913643 |
|
| 650 | 7 |
_aÉtica del medio ambiente _915235 |
|
| 650 | 7 |
_aMedio ambiente _919225 |
|
| 650 | 7 |
_aFilosofóa francesa _978555 |
|
| 690 |
_aSociología _9386 |
||
| 942 |
_2DEWEY _cLIBRO _a5 _e1 _h304.28 _mG918te |
||
| 041 | _aspa | ||
| 999 |
_c303844 _d303844 |
||